Mean, mean maureen green / (Record no. 3489)

MARC details
000 -LEADER
fixed length control field 00721nam a22002417a 4500
001 - CONTROL NUMBER
control field 3489
003 - CONTROL NUMBER IDENTIFIER
control field FISKH
005 - DATE AND TIME OF LATEST TRANSACTION
control field 20240312153717.0
008 - FIXED-LENGTH DATA ELEMENTS--GENERAL INFORMATION
fixed length control field 240312b cb ||||| |||| 00| 0 eng d
040 ## - CATALOGING SOURCE
Original cataloging agency FISK
Language of cataloging eng
Transcribing agency FISK
Modifying agency FISK
050 ## - LIBRARY OF CONGRESS CALL NUMBER
Classification number PZ7.C83835
082 ## - DEWEY DECIMAL CLASSIFICATION NUMBER
Classification number 808.068
100 ## - MAIN ENTRY--PERSONAL NAME
Personal name Cox Judy
Dates associated with a name 1954-
245 ## - TITLE STATEMENT
Title Mean, mean maureen green /
Statement of responsibility, etc. Judy Cox
260 ## - PUBLICATION, DISTRIBUTION, ETC.
Place of publication, distribution, etc. New York :
Name of publisher, distributor, etc. Judy Cox,
Date of publication, distribution, etc. 2001
300 ## - PHYSICAL DESCRIPTION
Extent 89 pages :
Dimensions 20 cm
505 ## - FORMATTED CONTENTS NOTE
Formatted contents note H
520 ## - SUMMARY, ETC.
Summary, etc. With help from Adam, a boy in her third grade class, Lilley gains enough confidence to stand up to the school bus bully, Mean Maureen Green.
521 8# - TARGET AUDIENCE NOTE
Target audience note estimates,
Source Lexiles
700 ## - ADDED ENTRY--PERSONAL NAME
Personal name Judy Cox
942 ## - ADDED ENTRY ELEMENTS (KOHA)
Source of classification or shelving scheme Dewey Decimal Classification
Koha item type Books
Suppress in OPAC No
Holdings
Withdrawn status Lost status Source of classification or shelving scheme Damaged status Not for loan Collection Home library Current library Shelving location Date acquired Total Checkouts Full call number Barcode Date last seen Copy number Price effective from Koha item type
    Dewey Decimal Classification     Fiction Footprints International School Library Network Toul Kork Campus Footprints International School Library Network Toul Kork Campus   03/12/2024   COX PZ7.C83835 808.068 2024-0313 03/12/2024 1 03/12/2024 Books